Arquitectura: punto de vista

Spremljeno u:
Bibliografski detalji
Glavni autor: Cruz Covarrubias, Carlos Alberto (Autor)
Format: Knjiga
Jezik:španjolski
Izdano: Valparaíso Universidad Católica de Valparaíso 1981
Teme:
Oznake: Dodaj oznaku
Bez oznaka, Budi prvi tko označuje ovaj zapis!

MARC

LEADER 00000nam a2200000 a 4500
001 UCV9536
003 CL-VaPUC
008 921113e19810000CL |||||||||||||||||spa|d
082 0 4 |a 724.6  |b CRU  |2 21 
100 0 |a Cruz Covarrubias, Carlos Alberto  |e author  |9 303549 
245 1 0 |a Arquitectura: punto de vista 
300 |a 52 p 
942 |c BK 
945 |d 19921113 00:00:00 
260 |a Valparaíso  |b Universidad Católica de Valparaíso  |c 1981 
650 0 |a Arquitectura moderna  |9 265021 
650 0 |a Arquitectura  |y Siglo 20  |9 266208 
583 |a last modification  |c 20160901 11:12:03  |k Rodrigo Vera 
999 |c 214855  |d 214853 
952 |0 0  |1 0  |4 0  |6 724_600000000000000_CRU_1981  |7 0  |8 R  |9 198649  |a BIBARQ  |b BIBARQ  |d 2019-11-14  |i 266061K  |o 724.6 CRU 1981  |p 266061K  |r 2025-01-20  |w 2019-11-14  |y BK_R  |k ARQ 
952 |0 0  |1 0  |4 0  |6 724_600000000000000_CRU_1981  |7 0  |8 R  |9 198650  |a BIBARQ  |b BIBARQ  |d 2019-11-14  |i 2660628  |l 2  |o 724.6 CRU 1981  |p 2660628  |r 2025-01-20  |s 2022-07-04  |w 2019-11-14  |y BK_R  |k ARQ 
952 |0 0  |1 0  |4 0  |6 724_600000000000000_CRU_1981  |7 0  |8 R  |9 198651  |a BIBARQ  |b BIBARQ  |d 2019-11-14  |i 4125126  |l 1  |o 724.6 CRU 1981  |p 4125126  |r 2025-01-20  |s 2024-03-07  |w 2019-11-14  |y BK_R  |k ARQ